[Event "World ol U16"]
[Site "Eindhoven"]
[Date "2023.08.14"]
[Round "3.6"]
[White "Azadaliyev, Jahandar"]
[Black "Todev, Simeon"]
[Result "1/2-1/2"]
[WhiteElo "2290"]
[BlackElo "1999"]
[PlyCount "88"]
[EventDate "2023.08.13"]
[EventType "team-swiss"]
[EventRounds "9"]
[EventCountry "NED"]
[SourceTitle "CBM 215 Extra"]
[Source "ChessBase"]
[SourceDate "2023.09.30"]
[SourceVersion "1"]
[SourceVersionDate "2023.09.30"]
[SourceQuality "1"]
[WhiteTeam "Azerbaijan"]
[BlackTeam "Bulgaria"]
[WhiteTeamCountry "AZE"]
[BlackTeamCountry "BUL"]

1. d4 d5 2. c4 c6 3. e3 Bf5 4. Nc3 e6 5. Nf3 Nf6 6. Bd3 Bxd3 7. Qxd3 Bb4 8. Bd2 Nbd7 9. 0-0 0-0 10. Nxd5 exd5 11. Bxb4 dxc4 12. Qxc4 Re8 13. Rad1 Nd5 14. Ba3 Rc8 15. Qc2 N7f6 16. Rfe1 b5 17. Bc5 Qa5 18. b4 Qa3 19. Qb3 Qa6 20. Ne5 Qb7 21. a3 Nd7 22. Nxf7 Nxc5 23. Nh6+ gxh6 24. dxc5 Qf7 25. e4 Nf6 26. Qg3+ Qg6 27. Qxg6+ hxg6 28. f3 Rcd8 29. Rd6 Rxd6 30. cxd6 Kf7 31. Rc1 Rc8 32. e5 Nd7 33. f4 Ke6 34. Kf2 Nb6 35. Kf3 Nc4 36. Rd1 Rd8 37. Ke4 h5 38. Rd3 Kf7 39. g3 Re8 40. h3 Nb2 41. Rc3 Nc4 42. Rd3 Nb2 43. Rc3 Nc4 44. Rd3 a5 1/2-1/2

[Event "EU-ch U16 30th"]
[Site "Antalya"]
[Date "2022.11.14"]
[Round "9"]
[White "Pasztor, Balazs"]
[Black "Azadaliyev, Jahandar"]
[Result "1/2-1/2"]
[WhiteElo "2344"]
[BlackElo "2249"]
[PlyCount "98"]
[EventDate "2022.11.06"]
[EventType "swiss"]
[EventRounds "9"]
[EventCountry "TUR"]
[SourceTitle "CBM 211 Extra"]
[Source "ChessBase"]
[SourceDate "2023.01.31"]
[SourceVersion "1"]
[SourceVersionDate "2023.01.31"]
[SourceQuality "1"]

1. e4 c6 2. d4 d5 3. e5 Bf5 4. Nf3 e6 5. Be2 Ne7 6. 0-0 Nd7 7. Nbd2 Qc7 8. Nb3 h6 9. Bd2 Bh7 10. a4 Nb6 11. a5 Nc4 12. Bc3 Be4 13. Ne1 Nf5 14. Nd2 Nxd2 15. Qxd2 Be7 16. Nd3 0-0 17. f3 Bg5 18. f4 Be7 19. g4 Nh4 20. Nc5 Rfd8 21. b4 b6 22. Nxe4 dxe4 23. Qe3 c5 24. axb6 axb6 25. Rxa8 Rxa8 26. dxc5 bxc5 27. b5 Ra3 28. Ra1 Rxa1+ 29. Bxa1 Qb7 30. c4 Nf3+ 31. Bxf3 exf3 32. Bc3 Bh4 33. Be1 Bxe1 34. Qxe1 Qd7 35. Qe4 Qd2 36. Qxf3 Qd4+ 37. Qf2 Qxc4 38. Qb2 Qxf4 39. b6 Qxg4+ 40. Kf2 Qf4+ 41. Ke1 Qe4+ 42. Kf2 Qf4+ 43. Ke1 Qe4+ 44. Kd2 c4 45. b7 c3+ 46. Kxc3 Qxe5+ 47. Kc2 Qe2+ 48. Kc3 Qe5+ 49. Kc2 Qe2+ 1/2-1/2

[Event "EU-ch U16 30th"]
[Site "Antalya"]
[Date "2022.11.13"]
[Round "8"]
[White "Azadaliyev, Jahandar"]
[Black "Razafindratsima, Timothe"]
[Result "0-1"]
[WhiteElo "2249"]
[BlackElo "2453"]
[PlyCount "64"]
[EventDate "2022.11.06"]
[EventType "swiss"]
[EventRounds "9"]
[EventCountry "TUR"]
[SourceTitle "CBM 211 Extra"]
[Source "ChessBase"]
[SourceDate "2023.01.31"]
[SourceVersion "1"]
[SourceVersionDate "2023.01.31"]
[SourceQuality "1"]

1. d4 Nf6 2. c4 g6 3. Nc3 Bg7 4. Nf3 0-0 5. g3 d6 6. Bg2 Nc6 7. 0-0 e5 8. dxe5 dxe5 9. Bg5 Be6 10. Qa4 Qe8 11. Nd2 h6 12. Bxf6 Bxf6 13. Nd5 Bd8 14. Ne4 f5 15. Nc5 Bc8 16. e3 e4 17. Rfd1 Ne5 18. Rac1 c6 19. Nf4 g5 20. Ne2 Be7 21. Nb3 Qh5 22. Ned4 f4 23. exf4 gxf4 24. Qa5 c5 25. Re1 f3 26. Bf1 b6 27. Qa3 Ng4 28. h3 e3 29. Rc2 exf2+ 30. Rxf2 Nxf2 31. Kxf2 Bxh3 32. Nd2 Bf6 0-1

[Event "EU-ch U16 30th"]
[Site "Antalya"]
[Date "2022.11.11"]
[Round "6"]
[White "Azadaliyev, Jahandar"]
[Black "Khubukshanov, Erdem"]
[Result "1/2-1/2"]
[WhiteElo "2249"]
[BlackElo "2371"]
[PlyCount "81"]
[EventDate "2022.11.06"]
[EventType "swiss"]
[EventRounds "9"]
[EventCountry "TUR"]
[SourceTitle "CBM 211 Extra"]
[Source "ChessBase"]
[SourceDate "2023.01.31"]
[SourceVersion "1"]
[SourceVersionDate "2023.01.31"]
[SourceQuality "1"]

1. d4 Nf6 2. c4 e6 3. Nf3 d5 4. g3 dxc4 5. Bg2 c6 6. Ne5 Bb4+ 7. Bd2 Be7 8. e3 b5 9. Nxc6 Nxc6 10. Bxc6+ Bd7 11. Qf3 Rc8 12. Bxd7+ Qxd7 13. a3 0-0 14. Nc3 a5 15. 0-0 b4 16. axb4 axb4 17. Ne2 e5 18. Rfc1 e4 19. Qg2 Rfe8 20. h3 Bd6 21. Ra5 h6 22. Rca1 Nh7 23. Ra7 Rc7 24. Rxc7 Qxc7 25. h4 Nf6 26. Qh3 g6 27. Ra6 Kg7 28. Qf1 Rd8 29. Ra1 Qd7 30. Kg2 Rc8 31. Ra5 Rc7 32. d5 Ra7 33. Qa1 Rxa5 34. Qxa5 Qb7 35. Nd4 Nxd5 36. h5 Be5 37. Qc5 c3 38. bxc3 bxc3 39. Bxc3 Bf6 40. hxg6 Kxg6 41. Ne2 1/2-1/2

[Event "EU-ch U16 30th"]
[Site "Antalya"]
[Date "2022.11.09"]
[Round "4"]
[White "Sahakyan, Aleks"]
[Black "Azadaliyev, Jahandar"]
[Result "0-1"]
[WhiteElo "2331"]
[BlackElo "2249"]
[PlyCount "66"]
[EventDate "2022.11.06"]
[EventType "swiss"]
[EventRounds "9"]
[EventCountry "TUR"]
[SourceTitle "CBM 211 Extra"]
[Source "ChessBase"]
[SourceDate "2023.01.31"]
[SourceVersion "1"]
[SourceVersionDate "2023.01.31"]
[SourceQuality "1"]

1. d4 Nf6 2. Nf3 e6 3. c4 b6 4. g3 Ba6 5. b3 Bb4+ 6. Bd2 Be7 7. Nc3 Bb7 8. Bg2 0-0 9. 0-0 Ne4 10. d5 f5 11. Qc2 Bf6 12. Rad1 Re8 13. Nxe4 fxe4 14. Qxe4 exd5 15. Qc2 Rxe2 16. cxd5 d6 17. Rc1 Na6 18. Qd3 Qe8 19. Nd4 Bxd4 20. Qxd4 Qe5 21. Qxe5 Rxe5 22. Bc3 Re2 23. a3 Nc5 24. b4 Nd3 25. Rcd1 Ba6 26. Rd2 Rae8 27. Bh3 Rxd2 28. Bxd2 Ne5 29. b5 Bxb5 30. Rb1 Bd3 31. Rb2 Nf3+ 32. Kg2 Be4 33. Be3 Bxd5 0-1

[Event "EU-ch U16 30th"]
[Site "Antalya"]
[Date "2022.11.07"]
[Round "2"]
[White "Oztuksavul, Ida"]
[Black "Azadaliyev, Jahandar"]
[Result "0-1"]
[WhiteElo "1292"]
[BlackElo "2249"]
[PlyCount "56"]
[EventDate "2022.11.06"]
[EventType "swiss"]
[EventRounds "9"]
[EventCountry "TUR"]
[SourceTitle "EXT 2024"]
[Source "ChessBase"]
[SourceDate "2023.10.10"]
[SourceVersion "1"]
[SourceVersionDate "2023.10.10"]
[SourceQuality "1"]

1. c4 Nf6 2. Nf3 e6 3. g3 d5 4. Bg2 dxc4 5. Qa4+ c6 6. Qxc4 b5 7. Qc2 Bb7 8. 0-0 Nbd7 9. b3 c5 10. Bb2 Bd6 11. d3 0-0 12. Nbd2 Rc8 13. Rae1 Qb6 14. Qb1 Rfd8 15. Qa1 a6 16. Rd1 Bb8 17. d4 cxd4 18. Bxd4 Qa5 19. a3 Rc1 20. Rxc1 Re8 21. Ng5 Qxd2 22. Be3 Qxe2 23. Bxb7 h6 24. Nh3 Ng4 25. Qd4 Nde5 26. Kg2 Nd3 27. Rc3 Ne1+ 28. Kg1 Rd8 0-1

[Event "Titled Tuesday intern op 11th Oct Early"]
[Site "Chess.com INT"]
[Date "2022.10.11"]
[Round "1"]
[White "Azadaliyev, Jahandar"]
[Black "Pappelis, Dimitrios"]
[Result "1-0"]
[WhiteElo "2304"]
[BlackElo "2204"]
[PlyCount "49"]
[EventDate "2022.10.11"]
[EventType "swiss (blitz)"]
[EventRounds "11"]
[EventCountry "USA"]
[SourceTitle "EXT 2024"]
[Source "ChessBase"]
[SourceDate "2023.10.10"]
[SourceVersion "1"]
[SourceVersionDate "2023.10.10"]
[SourceQuality "1"]

1. e4 c5 2. Nf3 Nc6 3. d4 cxd4 4. Nxd4 Nf6 5. Nc3 e6 6. Ndb5 d6 7. Bg5 a6 8. Na3 b5 9. Qf3 Bb7 10. Naxb5 axb5 11. Bxb5 Rb8 12. 0-0-0 Qb6 13. e5 dxe5 14. Bxf6 gxf6 15. Qxf6 Rg8 16. Qxe5 Qxb5 17. Qxb5 Be7 18. Qh5 Bg5+ 19. Kb1 Ke7 20. Rhe1 Nb4 21. Qxh7 Bxg2 22. Rd7+ Kxd7 23. Qxf7+ Kc8 24. Qxg8+ Kb7 25. Qxg5 1-0

[Event "Titled Tuesday intern op 11th Oct Early"]
[Site "Chess.com INT"]
[Date "2022.10.11"]
[Round "3"]
[White "Azadaliyev, Jahandar"]
[Black "Sohier, Julien"]
[Result "1-0"]
[WhiteElo "2304"]
[BlackElo "2171"]
[PlyCount "97"]
[EventDate "2022.10.11"]
[EventType "swiss (blitz)"]
[EventRounds "11"]
[EventCountry "USA"]
[SourceTitle "EXT 2024"]
[Source "ChessBase"]
[SourceDate "2023.10.10"]
[SourceVersion "1"]
[SourceVersionDate "2023.10.10"]
[SourceQuality "1"]

1. e4 e5 2. Nf3 Nc6 3. Nc3 Nf6 4. a3 d5 5. Bb5 Nxe4 6. Qe2 Nxc3 7. Qxe5+ Qe7 8. dxc3 Bd7 9. Bxc6 Bxc6 10. 0-0 Qxe5 11. Nxe5 Bd6 12. Bf4 f6 13. Nxc6 Bxf4 14. Rfe1+ Kd7 15. Nd4 Rae8 16. g3 Bd6 17. Kg2 c6 18. Rad1 g6 19. Nf3 Rxe1 20. Nxe1 Re8 21. Kf3 Re4 22. Nd3 h5 23. b3 a6 24. c4 Bxa3 25. cxd5 cxd5 26. Nf4 Re8 27. Rxd5+ Kc6 28. Rd3 Bc5 29. Nxg6 Re1 30. Nf4 Rf1 31. Rd2 Rh1 32. Kg2 Rc1 33. Nxh5 Be7 34. Ng7 a5 35. Nf5 Bf8 36. c4 b5 37. Rd8 Bc5 38. Rc8+ Kb6 39. cxb5 Kxb5 40. Nd4+ Kb4 41. Ne6 Rc2 42. Nxc5 Rxc5 43. Rxc5 Kxc5 44. h4 Kb4 45. h5 Kxb3 46. h6 a4 47. h7 a3 48. h8Q a2 49. Qxf6 1-0

[Event "Titled Tuesday intern op 11th Oct Early"]
[Site "Chess.com INT"]
[Date "2022.10.11"]
[Round "9"]
[White "Azadaliyev, Jahandar"]
[Black "Zou, Chen"]
[Result "0-1"]
[WhiteElo "2304"]
[BlackElo "2425"]
[PlyCount "110"]
[EventDate "2022.10.11"]
[EventType "swiss (blitz)"]
[EventRounds "11"]
[EventCountry "USA"]
[SourceTitle "EXT 2024"]
[Source "ChessBase"]
[SourceDate "2023.10.10"]
[SourceVersion "1"]
[SourceVersionDate "2023.10.10"]
[SourceQuality "1"]

1. e4 c5 2. Nf3 d6 3. d4 cxd4 4. Nxd4 Nf6 5. Nc3 a6 6. Bg5 Nbd7 7. Bc4 Qb6 8. Bb3 e6 9. 0-0 Be7 10. Qd2 0-0 11. Rad1 Nc5 12. Rfe1 Bd7 13. h3 Rac8 14. Kh1 Rfd8 15. Qe3 Be8 16. Qg3 Nxb3 17. axb3 Nh5 18. Qh4 Bxg5 19. Qxg5 Nf6 20. Re3 Qc5 21. Qg3 b5 22. Rf3 Qe5 23. b4 Rc4 24. Nb3 Qxg3 25. Rxg3 Nxe4 26. Nxe4 Rxe4 27. c3 Re2 28. Rd2 Rxd2 29. Nxd2 Kf8 30. Rd3 Ke7 31. Nb3 Bc6 32. Rd1 Bd5 33. Nd4 g6 34. Ra1 Bb7 35. Nb3 e5 36. f3 Ke6 37. Kg1 f5 38. Kf2 g5 39. Ke3 h5 40. Rd1 Bd5 41. Nd2 Rc8 42. Ra1 Bb7 43. Nb3 f4+ 44. Ke2 g4 45. hxg4 hxg4 46. Rh1 gxf3+ 47. gxf3 Rg8 48. Rh6+ Kd7 49. Rh7+ Kc8 50. Rh6 Rg2+ 51. Kd3 Bxf3 52. Rxd6 e4+ 53. Kd4 e3 54. Kc5 e2 55. Re6 Rg1 0-1

[Event "Titled Tuesday intern op 11th Oct Early"]
[Site "Chess.com INT"]
[Date "2022.10.11"]
[Round "8"]
[White "Jean Louis, Marckens"]
[Black "Azadaliyev, Jahandar"]
[Result "0-1"]
[WhiteElo "2073"]
[BlackElo "2304"]
[PlyCount "66"]
[EventDate "2022.10.11"]
[EventType "swiss (blitz)"]
[EventRounds "11"]
[EventCountry "USA"]
[SourceTitle "EXT 2024"]
[Source "ChessBase"]
[SourceDate "2023.10.10"]
[SourceVersion "1"]
[SourceVersionDate "2023.10.10"]
[SourceQuality "1"]

1. d4 Nf6 2. c4 e6 3. Nc3 Bb4 4. Qc2 0-0 5. e4 d5 6. cxd5 exd5 7. e5 Ne4 8. Bd3 c5 9. a3 cxd4 10. axb4 dxc3 11. bxc3 Nc6 12. Nf3 Bg4 13. Bf4 Bxf3 14. gxf3 Qh4 15. Bg3 Nxg3 16. fxg3 Qh5 17. f4 d4 18. b5 Ne7 19. c4 Rac8 20. 0-0 Nd5 21. Bxh7+ Kh8 22. Qf5 Qxf5 23. Bxf5 Rxc4 24. Rxa7 Ne3 25. Bh3 Nxf1 26. Bxf1 Rc1 27. Rxb7 Rd8 28. Rxf7 d3 29. e6 Rxf1+ 30. Kxf1 d2 31. e7 d1Q+ 32. Kf2 Rd2+ 33. Ke3 Qe2# 0-1

[Event "World ol U16"]
[Site "Nakhchivan"]
[Date "2022.10.09"]
[Round "8.9"]
[White "Azadaliyev, Jahandar"]
[Black "Southcott Moyers, Indy"]
[Result "1-0"]
[WhiteElo "2304"]
[BlackElo "1952"]
[PlyCount "117"]
[EventDate "2022.10.02"]
[EventType "team-swiss"]
[EventRounds "9"]
[EventCountry "AZE"]
[SourceTitle "CBM 210 Extra"]
[Source "ChessBase"]
[SourceDate "2022.11.30"]
[SourceVersion "1"]
[SourceVersionDate "2022.11.30"]
[SourceQuality "1"]
[WhiteTeam "Azerbaijan II"]
[BlackTeam "England"]
[WhiteTeamCountry "AZE"]
[BlackTeamCountry "ENG"]

1. d4 d5 2. c4 c6 3. e3 Nf6 4. Nf3 Bf5 5. Nc3 e6 6. Bd3 Bxd3 7. Qxd3 Nbd7 8. 0-0 Bb4 9. Nd2 0-0 10. Re1 e5 11. cxd5 cxd5 12. Nb3 e4 13. Qb5 Qb6 14. Bd2 Bxc3 15. Qxb6 axb6 16. Bxc3 Rfc8 17. a3 Rc6 18. h3 h5 19. Rec1 Rac8 20. Kf1 Ne8 21. Bb4 f6 22. Ke1 Kf7 23. Kd2 Ke6 24. a4 Rc4 25. Rc3 Nd6 26. Bxd6 Kxd6 27. Rxc4 Rxc4 28. Nc1 Nb8 29. f3 exf3 30. gxf3 Rc8 31. Nd3 Nc6 32. Rg1 g5 33. h4 gxh4 34. Rg6 Ke6 35. Rh6 Rg8 36. Nf4+ Kf7 37. Rxh5 Ne7 38. Rxh4 Rg1 39. Rh7+ Ke8 40. Rh5 Rb1 41. Nxd5 Nxd5 42. Rxd5 Rxb2+ 43. Kd3 Ra2 44. Rb5 Rxa4 45. Rxb6 Ke7 46. Rxb7+ Ke6 47. Ke4 Ra6 48. Rc7 Ra5 49. Rc5 Ra4 50. Rc6+ Ke7 51. Kf4 Rb4 52. Rc1 Ke6 53. Rd1 Ra4 54. e4 f5 55. d5+ Kf6 56. Rc1 fxe4 57. Rc6+ Ke7 58. fxe4 Ra7 59. Ke5 1-0

[Event "World ol U16"]
[Site "Nakhchivan"]
[Date "2022.10.07"]
[Round "6.10"]
[White "Azadaliyev, Jahandar"]
[Black "Teh, Rui Gen"]
[Result "1/2-1/2"]
[WhiteElo "2304"]
[BlackElo "1756"]
[PlyCount "138"]
[EventDate "2022.10.02"]
[EventType "team-swiss"]
[EventRounds "9"]
[EventCountry "AZE"]
[SourceTitle "CBM 210 Extra"]
[Source "ChessBase"]
[SourceDate "2022.11.30"]
[SourceVersion "1"]
[SourceVersionDate "2022.11.30"]
[SourceQuality "1"]
[WhiteTeam "Azerbaijan II"]
[BlackTeam "Malaysia"]
[WhiteTeamCountry "AZE"]
[BlackTeamCountry "MAS"]

1. e4 c5 2. Nf3 g6 3. d4 cxd4 4. Nxd4 Nc6 5. c4 Nf6 6. Nc3 d6 7. Be2 Nxd4 8. Qxd4 Bg7 9. Be3 0-0 10. Qd2 Be6 11. 0-0 Qa5 12. b3 Rfc8 13. Rfc1 a6 14. a4 Nd7 15. Rab1 Qb4 16. Bd4 Rc7 17. Bxg7 Kxg7 18. Qd4+ Kg8 19. h3 Rac8 20. Qe3 Kg7 21. Kh2 Qc5 22. Qg3 f6 23. f4 Bf7 24. Rd1 Rg8 25. Bg4 Kh8 26. Bxd7 Rxd7 27. Nd5 g5 28. f5 Bxd5 29. Rxd5 Qc6 30. Rbd1 Rc7 31. R1d3 Rg7 32. Qf2 Rc8 33. a5 Rgg8 34. g3 Rc7 35. g4 Rcc8 36. Kg2 Rg7 37. Qa7 b5 38. cxb5 axb5 39. Qf2 Rc7 40. Rd2 Rg8 41. Qe2 Rb8 42. Ra2 Kg7 43. Rdd2 Rbc8 44. a6 Qb6 45. Rd5 Rc5 46. Rxc5 dxc5 47. e5 Rc7 48. exf6+ exf6 49. Qe6 Qa7 50. Rd2 c4 51. bxc4 bxc4 52. Rd8 Rf7 53. Rc8 Qd4 54. Qxc4 Qd2+ 55. Kf1 Qd1+ 56. Kf2 Qd2+ 57. Kf1 Qd1+ 58. Kf2 Qd2+ 59. Qe2 Qf4+ 60. Kg2 Rd7 61. Rc2 Qa4 62. Ra2 Qc6+ 63. Qf3 Qc4 64. Qe2 Qc6+ 65. Qf3 Qc4 66. Qf2 Qc6+ 67. Qf3 Qc4 68. Re2 Qxa6 69. Qe4 Qd6 1/2-1/2

[Event "World ol U16"]
[Site "Nakhchivan"]
[Date "2022.10.03"]
[Round "2.2"]
[White "Madaminov, Mukhiddin"]
[Black "Azadaliyev, Jahandar"]
[Result "1-0"]
[WhiteElo "2425"]
[BlackElo "2304"]
[PlyCount "179"]
[EventDate "2022.10.02"]
[EventType "team-swiss"]
[EventRounds "9"]
[EventCountry "AZE"]
[SourceTitle "CBM 210 Extra"]
[Source "ChessBase"]
[SourceDate "2022.11.30"]
[SourceVersion "1"]
[SourceVersionDate "2022.11.30"]
[SourceQuality "1"]
[WhiteTeam "Uzbekistan"]
[BlackTeam "Azerbaijan II"]
[WhiteTeamCountry "UZB"]
[BlackTeamCountry "AZE"]

1. d4 Nf6 2. Nc3 d5 3. Bf4 e6 4. Nb5 Na6 5. e3 c5 6. c3 Be7 7. a4 0-0 8. Nf3 Bd7 9. Ne5 c4 10. b3 cxb3 11. Qxb3 Bc6 12. Bd3 Nd7 13. 0-0 Nxe5 14. Bxe5 Qa5 15. Rfb1 Rfc8 16. Qd1 Qd8 17. Qh5 h6 18. Qg4 Bf6 19. Bg3 Qd7 20. h4 Qe7 21. h5 Rd8 22. Bc2 Bg5 23. Qe2 f5 24. Bd3 Bh4 25. Bf4 Bg5 26. Rb3 Rd7 27. a5 Qd8 28. Be5 Bf6 29. Bh2 Qe7 30. Rab1 Qd8 31. Qa2 Be7 32. c4 dxc4 33. Bxc4 Bd5 34. R3b2 Rc8 35. Bxd5 exd5 36. Nxa7 Rc4 37. Ra1 Bb4 38. Nb5 Bxa5 39. Nd6 Rxd6 40. Bxd6 Bc3 41. Bg3 Bxb2 42. Qxb2 Qd7 43. Be5 Ra4 44. Rxa4 Qxa4 45. Qb1 Qd7 46. Qb6 Kf7 47. Qg6+ Kg8 48. Qb6 Kf7 49. f3 Kg8 50. Kf2 Qe7 51. Qb5 Nb4 52. Ke2 Kh7 53. Bg3 Kh8 54. Bf4 Kh7 55. Kd2 Kh8 56. Kc3 Nc6 57. Qxd5 Qa3+ 58. Qb3 Qc1+ 59. Qc2 Qe1+ 60. Qd2 Qa1+ 61. Qb2 Qe1+ 62. Kc4 Qf1+ 63. Kc5 Qa6 64. Qb6 Qa3+ 65. Kd5 Qa2+ 66. Kd6 Qa3+ 67. Kc7 Qe7+ 68. Kc8 Kh7 69. Qc7 Qe8+ 70. Kxb7 Nb4 71. Qd6 Qb5+ 72. Kc8 Qe8+ 73. Kc7 Qf7+ 74. Kb6 Qb3 75. Qg6+ Kh8 76. Qe8+ Kh7 77. Qg6+ Kh8 78. Qxf5 Nd5+ 79. Kc5 Ne7 80. Qd7 Qc3+ 81. Kd6 Qb4+ 82. Ke6 Ng8 83. Be5 Qb6+ 84. Kf5 Nf6 85. Bxf6 Qxf6+ 86. Ke4 Qh4+ 87. g4 Qe1 88. Qe8+ Kh7 89. Kf5 Qa5+ 90. Qe5 1-0

[Event "Titled Tuesday intern op 13th Sep Early"]
[Site "Chess.com INT"]
[Date "2022.09.13"]
[Round "5"]
[White "Azadaliyev, Jahandar"]
[Black "Gurel, Ediz"]
[Result "0-1"]
[WhiteElo "2304"]
[BlackElo "2437"]
[PlyCount "74"]
[EventDate "2022.09.13"]
[EventType "swiss (blitz)"]
[EventRounds "11"]
[EventCountry "USA"]
[SourceTitle "EXT 2023"]
[Source "ChessBase"]
[SourceDate "2022.10.05"]
[SourceVersion "1"]
[SourceVersionDate "2022.10.05"]
[SourceQuality "1"]

1. e4 c6 2. d4 d5 3. f3 e6 4. Nc3 Bb4 5. Bd2 Nf6 6. e5 Nfd7 7. a3 Be7 8. f4 c5 9. Nf3 Nc6 10. Be3 cxd4 11. Nxd4 0-0 12. Be2 Nxd4 13. Bxd4 Bc5 14. Qd2 f6 15. exf6 Bxd4 16. Qxd4 Qxf6 17. Qxf6 gxf6 18. 0-0-0 f5 19. g4 fxg4 20. Bxg4 Nf6 21. Bh3 Nh5 22. f5 Nf4 23. Bg4 h5 24. Rhg1 Kh8 25. Rdf1 e5 26. Bf3 d4 27. Nd5 Nxd5 28. Bxd5 Bxf5 29. Rg5 Bg4 30. Re1 Rae8 31. h3 Rf5 32. Rg6 Bxh3 33. Reg1 Bg4 34. Rh1 Ref8 35. Kd2 Rf2+ 36. Ke1 Re2+ 37. Kd1 Rh2+ 0-1

[Event "Titled Tuesday intern op 13th Sep Early"]
[Site "Chess.com INT"]
[Date "2022.09.13"]
[Round "3"]
[White "Azadaliyev, Jahandar"]
[Black "Horak, Martin"]
[Result "1-0"]
[WhiteElo "2304"]
[BlackElo "2214"]
[PlyCount "57"]
[EventDate "2022.09.13"]
[EventType "swiss (blitz)"]
[EventRounds "11"]
[EventCountry "USA"]
[SourceTitle "EXT 2023"]
[Source "ChessBase"]
[SourceDate "2022.10.05"]
[SourceVersion "1"]
[SourceVersionDate "2022.10.05"]
[SourceQuality "1"]

1. e4 c5 2. Nf3 d6 3. d4 cxd4 4. Nxd4 Nf6 5. Nc3 g6 6. Be3 Bg7 7. Qd2 Ng4 8. Bg5 h6 9. Bh4 g5 10. Bg3 Nc6 11. Bb5 Bd7 12. Bxc6 bxc6 13. 0-0 0-0 14. Rad1 Rb8 15. h3 Ne5 16. b3 c5 17. Nf5 Bxf5 18. exf5 Qd7 19. Nd5 Rfe8 20. Rfe1 Qxf5 21. c4 Rbd8 22. Qa5 Rd7 23. Qa4 Red8 24. Ne3 Qg6 25. Bxe5 Bxe5 26. Nd5 e6 27. Ne3 h5 28. Nf1 Kg7 29. Rxe5 1-0

[Event "Titled Tuesday intern op 13th Sep Early"]
[Site "Chess.com INT"]
[Date "2022.09.13"]
[Round "8"]
[White "Batsiashvili, Nino"]
[Black "Azadaliyev, Jahandar"]
[Result "0-1"]
[WhiteElo "2477"]
[BlackElo "2304"]
[PlyCount "60"]
[EventDate "2022.09.13"]
[EventType "swiss (blitz)"]
[EventRounds "11"]
[EventCountry "USA"]
[SourceTitle "EXT 2023"]
[Source "ChessBase"]
[SourceDate "2022.10.05"]
[SourceVersion "1"]
[SourceVersionDate "2022.10.05"]
[SourceQuality "1"]

1. d4 Nf6 2. c4 e6 3. Nc3 Bb4 4. Nf3 0-0 5. Bg5 d5 6. e4 dxe4 7. Ne5 h6 8. Bh4 c5 9. dxc5 Qa5 10. Qc2 Qxc5 11. Bxf6 gxf6 12. Ng4 Kg7 13. h4 Nc6 14. 0-0-0 f5 15. Nxh6 Kxh6 16. Qd2+ e3 17. fxe3 Bxc3 18. Qxc3 Qe5 19. Qd2 Rd8 20. Bd3 Kg7 21. g4 fxg4 22. Rhg1 g3 23. Rg2 b5 24. cxb5 Ne7 25. Qe2 Bb7 26. Qg4+ Ng6 27. Rxg3 Rac8+ 28. Kb1 Be4 29. Bxe4 Qxe4+ 30. Qxe4 Rxd1# 0-1

[Event "Titled Tuesday intern op 13th Sep Early"]
[Site "Chess.com INT"]
[Date "2022.09.13"]
[Round "2"]
[White "Murtazin, Ruslan"]
[Black "Azadaliyev, Jahandar"]
[Result "1-0"]
[WhiteElo "2247"]
[BlackElo "2304"]
[PlyCount "35"]
[EventDate "2022.09.13"]
[EventType "swiss (blitz)"]
[EventRounds "11"]
[EventCountry "USA"]
[SourceTitle "EXT 2023"]
[Source "ChessBase"]
[SourceDate "2022.10.05"]
[SourceVersion "1"]
[SourceVersionDate "2022.10.05"]
[SourceQuality "1"]

1. e4 c5 2. Nf3 d6 3. d4 cxd4 4. Nxd4 Nf6 5. Nc3 a6 6. Bc4 e6 7. 0-0 Be7 8. Bb3 0-0 9. f4 b5 10. f5 e5 11. Nde2 Bb7 12. Ng3 Nbd7 13. Bg5 Rc8 14. Bxf6 Nxf6 15. Nh5 Nxe4 16. Nxe4 Bxe4 17. Qg4 d5 18. Qxg7# 1-0

[Event "Titled Tuesday intern op 06th Sep Early"]
[Site "Chess.com INT"]
[Date "2022.09.06"]
[Round "7"]
[White "Adewumi, Tanitoluwa"]
[Black "Azadaliyev, Jahandar"]
[Result "0-1"]
[WhiteElo "2269"]
[BlackElo "2304"]
[PlyCount "58"]
[EventDate "2022.09.06"]
[EventType "swiss (blitz)"]
[EventRounds "11"]
[EventCountry "USA"]
[SourceTitle "EXT 2023"]
[Source "ChessBase"]
[SourceDate "2022.10.05"]
[SourceVersion "1"]
[SourceVersionDate "2022.10.05"]
[SourceQuality "1"]

1. Nf3 d5 2. b3 Nf6 3. Bb2 e6 4. e3 Be7 5. c4 0-0 6. Nc3 b6 7. d4 Bb7 8. Bd3 Nbd7 9. 0-0 c5 10. cxd5 Nxd5 11. Nxd5 Bxd5 12. e4 Bb7 13. Rc1 cxd4 14. Bxd4 Nc5 15. Bxc5 Bxc5 16. Qe2 Qe7 17. Rfd1 Rfd8 18. Ne5 Bd4 19. Nc6 Bxc6 20. Rxc6 Rac8 21. Rxc8 Rxc8 22. Ba6 Rd8 23. Bc4 g6 24. g3 Qf6 25. Kg2 Rd6 26. Rd3 Kg7 27. f4 e5 28. Rf3 Rd7 29. Bd5 Qd6 0-1

[Event "Titled Tuesday intern op 06th Sep Early"]
[Site "Chess.com INT"]
[Date "2022.09.06"]
[Round "8"]
[White "Azadaliyev, Jahandar"]
[Black "Sargsyan, Anna M"]
[Result "0-1"]
[WhiteElo "2304"]
[BlackElo "2378"]
[PlyCount "70"]
[EventDate "2022.09.06"]
[EventType "swiss (blitz)"]
[EventRounds "11"]
[EventCountry "USA"]
[SourceTitle "EXT 2023"]
[Source "ChessBase"]
[SourceDate "2022.10.05"]
[SourceVersion "1"]
[SourceVersionDate "2022.10.05"]
[SourceQuality "1"]

1. d4 d5 2. c4 c6 3. e3 Nf6 4. Nf3 e6 5. Nc3 Nbd7 6. Qc2 Bd6 7. Bd3 0-0 8. 0-0 e5 9. cxd5 cxd5 10. e4 dxe4 11. Nxe4 Nxe4 12. Bxe4 exd4 13. Nxd4 Nf6 14. Nf3 Nxe4 15. Qxe4 Re8 16. Qd4 Bf5 17. Bg5 Qb8 18. Rad1 Bf8 19. Rfe1 Rxe1+ 20. Rxe1 Qd6 21. Qxd6 Bxd6 22. h3 h6 23. g4 Be6 24. Be3 Bxa2 25. Nd4 a6 26. Nf5 Bf8 27. Rc1 Be6 28. Rc7 b5 29. Nd4 Bd5 30. Bd2 Rd8 31. Ba5 Be4 32. Ne2 Rd1+ 33. Kh2 Bd6+ 34. f4 Bxc7 35. Bxc7 Rd2 0-1

[Event "Titled Tuesday intern op 06th Sep Early"]
[Site "Chess.com INT"]
[Date "2022.09.06"]
[Round "4"]
[White "Sorensen, Hampus"]
[Black "Azadaliyev, Jahandar"]
[Result "1-0"]
[WhiteElo "2396"]
[BlackElo "2304"]
[PlyCount "85"]
[EventDate "2022.09.06"]
[EventType "swiss (blitz)"]
[EventRounds "11"]
[EventCountry "USA"]
[SourceTitle "EXT 2023"]
[Source "ChessBase"]
[SourceDate "2022.10.05"]
[SourceVersion "1"]
[SourceVersionDate "2022.10.05"]
[SourceQuality "1"]

1. d4 Nf6 2. c4 e6 3. Nf3 b6 4. a3 Be7 5. Nc3 0-0 6. e4 Bb7 7. Bd3 d5 8. cxd5 exd5 9. e5 Ne4 10. 0-0 f5 11. exf6 Bxf6 12. Qc2 Re8 13. Re1 Qe7 14. Bf4 Nd7 15. Bxc7 Rac8 16. Bg3 Qf7 17. Qb3 Nf8 18. Bxe4 dxe4 19. Qxf7+ Kxf7 20. Ne5+ Bxe5 21. Bxe5 Nd7 22. Nb5 Ke6 23. Nd6 Nxe5 24. dxe5 Bd5 25. Nxe8 Rxe8 26. Rac1 Re7 27. Rc8 Kxe5 28. Rec1 Rd7 29. R8c7 Kd6 30. Rxd7+ Kxd7 31. Kf1 Kd6 32. Ke2 g6 33. Ke3 h6 34. Rc8 Ke5 35. g4 Kf6 36. Kf4 Be6 37. Rc6 Kf7 38. g5 hxg5+ 39. Kxg5 Bf5 40. Rc7+ Ke6 41. Rxa7 Ke5 42. h4 Kd4 43. h5 1-0